Štát vyberie na daniach pol miliardy navyše

Bibliographic Details
Main Author: Hambálková, Jana (Author)
Format: Article
Language:Slovak
PhysicalDescription:Grafy
ISSN:1335-4051
Subjects:

MARC

LEADER 00000nab a2200000 a 4500
001 vtls008304945
003 SK-MaSNL
005 20260304204342.0
008 051025c20051013xo ur| 0 0slo
015 |a SNBRB2005/10 
038 |a RVGKPD 
040 |a RVGKPD  |b slo  |c RVGKPD  |e AACR2 
041 0 |a slo 
044 |a xo  |c SK 
080 |a 336.2  |2 UDC-MRF-SK2 
100 1 |a Hambálková, Jana  |4 aut  |9 1160993 
245 1 0 |a Štát vyberie na daniach pol miliardy navyše  |c Jana Hambálková 
300 |b Grafy 
650 0 7 |a dane  |2 rvgkpd  |9 2123 
650 0 7 |a štátny rozpočet  |2 rvgkpd  |9 2364 
650 0 7 |a 2006  |2 rvgkpd  |9 75560 
773 0 |t Pravda  |g Roč. XV, č. 237 (13.10.2005)  |x 1335-4051 
773 0 |i [Príl.]  |t Ekonomika  |g (13.10.2005), s. 13 
852 |a RVGKPD  |b KIS3G 
992 |a RBX 
999 |c 3115521  |d 3117451